Countries on Trans African Highway Routes - Statistics

General Stats
  • This quiz has been taken 36 times
  • The average score is 48 of 60
Answer Stats
Answer % Correct
TAH1 Algeria
100%
TAH1 Egypt
100%
TAH1 Libya
100%
TAH1 Tunisia
100%
TAH2 Algeria
96%
TAH3 Chad
96%
TAH4 Egypt
96%
TAH3 Libya
96%
TAH1 Morocco
96%
TAH2 Niger
96%
TAH2 Nigeria
96%
TAH1 Senegal
96%
TAH5 Senegal
96%
TAH3 South Africa
96%
TAH4 Sudan
96%
TAH3 Cameroon
92%
TAH1 Mauritania
92%
TAH4 South Africa
92%
TAH3 Angola
88%
TAH4 Botswana
88%
TAH3 Central African Republic
88%
TAH5 Chad
88%
TAH3 D. R. Congo
88%
TAH4 Ethiopia
88%
TAH4 Kenya
88%
TAH5 Mali
88%
TAH3 Namibia
88%
TAH3 Republic of the Congo
88%
TAH4 Tanzania
88%
TAH6 Chad
85%
TAH6 Djibouti
85%
TAH4 Zambia
85%
TAH4 Zimbabwe
85%
TAH6 Ethiopia
77%
TAH5 Niger
77%
TAH5 Nigeria
77%
TAH7 Senegal
77%
TAH6 Sudan
77%
TAH5 Burkina Faso
73%
TAH7 Nigeria
73%
TAH8 Nigeria
73%
TAH7 Benin
65%
TAH8 Cameroon
65%
TAH7 Ghana
65%
TAH7 Guinea
65%
TAH7 Guinea Bissau
65%
TAH7 Ivory Coast
65%
TAH7 Liberia
65%
TAH7 Sierra Leone
65%
TAH7 Togo
65%
TAH8 Central African Republic
62%
TAH8 D. R. Congo
62%
TAH7 Gambia
62%
TAH8 Kenya
62%
TAH8 Uganda
58%
TAH9 Angola
46%
TAH9 D. R. Congo
46%
TAH9 Mozambique
46%
TAH9 Zambia
46%
TAH9 Zimbabwe
46%
No matching quizzes found
Score Distribution
Percent of People with Each Score
Percentile by Number Answered
Your Score History
You have not taken this quiz